[Event "Aeroflot Open B 2015"]
[Site "Moscú RUS"]
[Date "2015.03.31"]
[Round "5.39"]
[White "Pratyusha, Bodda"]
[Black "Ovod, Evgenija"]
[Result "0-1"]
[WhiteElo "2270"]
[BlackElo "2325"]
[PlyCount "96"]
[EventDate "2015.03.27"]
[EventType "swiss"]
[EventRounds "9"]
[EventCountry "RUS"]
[Source "lmi"]
[SourceDate "2015.03.27"]

1. d4 Nf6 2. c4 c5 3. d5 e5 4. Nc3 d6 5. e4 Be7 6. g3 Nbd7 7. Bg2 O-O 8. Nge2
a6 9. a4 Ne8 10. O-O g6 11. f4 Ng7 12. Qc2 exf4 13. Bxf4 Qc7 14. Nc1 Bf6 15.
Nd3 Re8 16. Rae1 Bd4+ 17. Kh1 Ne5 18. b3 Bd7 19. Nc1 b5 20. axb5 axb5 21. Nxb5
Bxb5 22. cxb5 Qa5 23. Ne2 Qxb5 24. Nxd4 cxd4 25. Bxe5 dxe5 26. Qc7 f5 27. Rc1
Ra2 28. Qc4 Qd7 29. Qc6 Rd8 30. b4 Rb2 31. Rb1 Rxb1 32. Rxb1 Ne8 33. Re1 fxe4
34. Bxe4 Nd6 35. Bg2 Qe7 36. Qb6 Rd7 37. Qa6 Rb7 38. Qa4 e4 39. Kg1 e3 40. Bf3
Qe5 41. Qb3 Kg7 42. Rd1 Rf7 43. Bg2 Nb5 44. Qd3 Nc3 45. Re1 Qf6 46. Rf1 e2 47.
Rxf6 e1=Q+ 48. Rf1 Ne2+ 0-1

[Event "Aeroflot Open B 2015"]
[Site "Moscú RUS"]
[Date "2015.03.31"]
[Round "5.40"]
[White "Bayarmaa, Bayarjargal"]
[Black "Baterdene, Tsogbayar"]
[Result "1-0"]
[WhiteElo "2264"]
[BlackElo "2196"]
[PlyCount "63"]
[EventDate "2015.03.27"]
[EventType "swiss"]
[EventRounds "9"]
[EventCountry "RUS"]
[Source "lmi"]
[SourceDate "2015.03.27"]

1. d4 d5 2. c4 c6 3. Nc3 Nf6 4. Nf3 dxc4 5. a4 Bf5 6. Ne5 Nbd7 7. Nxc4 Nb6 8.
Ne5 a5 9. f3 Nfd7 10. Nd3 e6 11. e4 Bg6 12. Be3 Bd6 13. f4 Bb4 14. Nf2 Qe7 15.
Bd3 f5 16. O-O O-O 17. Qb3 Kh8 18. Rad1 fxe4 19. Nfxe4 Nd5 20. Bc1 N7f6 21. Ng5
Bxd3 22. Rxd3 h6 23. Nf3 Nd7 24. g3 Qf7 25. Nxd5 cxd5 26. Bd2 Bxd2 27. Rxd2
Rfb8 28. Rc1 Nf6 29. Rdc2 Qe8 30. Ne5 b5 31. axb5 Qxb5 32. Rc8+ 1-0

[Event "Aeroflot Open B 2015"]
[Site "Moscú RUS"]
[Date "2015.04.01"]
[Round "6.1"]
[White "Lin, Chen"]
[Black "Evdokimov, Alexander A"]
[Result "1-0"]
[WhiteElo "2448"]
[BlackElo "2505"]
[PlyCount "109"]
[EventDate "2015.03.27"]
[EventType "swiss"]
[EventRounds "9"]
[EventCountry "RUS"]
[Source "lmi"]
[SourceDate "2015.03.27"]

1. e4 c6 2. c4 d5 3. cxd5 cxd5 4. exd5 Nf6 5. Nc3 g6 6. Bc4 Bg7 7. Nf3 O-O 8.
O-O Nbd7 9. d3 Nb6 10. Qb3 Bf5 11. Be3 Rc8 12. Bxb6 axb6 13. Rfe1 Nd7 14. Qb4
Bf6 15. h3 Nc5 16. d4 Nd3 17. Bxd3 Bxd3 18. Ne5 Ba6 19. Rad1 Kg7 20. Qb3 h5 21.
Na4 b5 22. Nc5 Qd6 23. Ne4 Qc7 24. Nc3 Rfd8 25. Nxb5 Qb6 26. Nc3 Qxb3 27. axb3
Rd6 28. Re3 Bg5 29. Rg3 Bh4 30. Rf3 Bf6 31. Re1 Rc7 32. g4 hxg4 33. hxg4 g5 34.
Ra1 Rc8 35. Kg2 Rh8 36. b4 Rb6 37. Ra4 Bb5 38. Ra5 Bxe5 39. dxe5 Bd7 40. b5
Rbh6 41. Rg3 Rh1 42. Ra7 Bc8 43. Ra8 b6 44. Ra7 R8h2+ 45. Kf3 Rf1 46. Rg2 Rh3+
47. Ke2 Rc1 48. Kd2 Rhh1 49. Rc7 Rhd1+ 50. Ke2 Re1+ 51. Kd3 Rxe5 52. Rxc8 Rxd5+
53. Nxd5 Rxc8 54. Nxb6 Rc5 55. Nc4 1-0

[Event "Aeroflot Open B 2015"]
[Site "Moscú RUS"]
[Date "2015.04.01"]
[Round "6.2"]
[White "Kotanjian, Tigran"]
[Black "Neelotpal, Das"]
[Result "1-0"]
[WhiteElo "2482"]
[BlackElo "2446"]
[PlyCount "69"]
[EventDate "2015.03.27"]
[EventType "swiss"]
[EventRounds "9"]
[EventCountry "RUS"]
[Source "lmi"]
[SourceDate "2015.03.27"]

1. d4 d5 2. c4 c6 3. Nf3 Nf6 4. cxd5 cxd5 5. Nc3 Nc6 6. Bf4 a6 7. Rc1 Bf5 8. e3
Rc8 9. Be2 e6 10. O-O Bd6 11. Bxd6 Qxd6 12. Na4 O-O 13. Nc5 Rc7 14. Qb3 Qe7 15.
Qb6 Rfc8 16. Rc3 Ne4 17. Nxe4 dxe4 18. Nd2 Nb4 19. Rfc1 Rxc3 20. Rxc3 Rxc3 21.
bxc3 Nd5 22. Qb3 h5 23. a4 h4 24. c4 Nf6 25. c5 Nd5 26. Nc4 h3 27. g3 Qg5 28.
Qxb7 Bg4 29. Bf1 Qh5 30. Ne5 Be2 31. Qb8+ Kh7 32. Nxf7 Qxf7 33. Bxe2 Nc3 34.
Qb2 Nxa4 35. Qc2 1-0

[Event "Aeroflot Open B 2015"]
[Site "Moscú RUS"]
[Date "2015.04.01"]
[Round "6.3"]
[White "Bortnyk, Olexandr"]
[Black "Sarana, Alexey"]
[Result "1/2-1/2"]
[WhiteElo "2543"]
[BlackElo "2419"]
[PlyCount "120"]
[EventDate "2015.03.27"]
[EventType "swiss"]
[EventRounds "9"]
[EventCountry "RUS"]
[Source "lmi"]
[SourceDate "2015.03.27"]

1. d4 Nf6 2. Nc3 d5 3. Bf4 e6 4. Nb5 Na6 5. e3 Be7 6. Nf3 O-O 7. h3 c6 8. Nc3
c5 9. Bxa6 bxa6 10. O-O a5 11. Qe2 Qb6 12. Na4 Qa6 13. Qxa6 Bxa6 14. Rfc1 cxd4
15. exd4 Rfc8 16. Nd2 Nd7 17. a3 Nb6 18. Nxb6 axb6 19. c3 Rc6 20. Nf3 f6 21.
Re1 Kf7 22. Re3 Ke8 23. h4 Kd7 24. Nd2 Ke8 25. Rae1 Kf7 26. Rf3 Bb5 27. Rfe3
Rd8 28. Kh2 Ba4 29. Rc1 h5 30. Kg1 Bf8 31. Kh2 Rcc8 32. Kg1 Bd7 33. Rce1 Rc6
34. Ra1 Rdc8 35. Rd3 Ke7 36. Re3 Kd8 37. Rae1 Ke8 38. Nb3 Ke7 39. Nd2 Be8 40.
Rg3 Bf7 41. Kh2 Bg8 42. Rge3 Kd7 43. Ra1 Bh7 44. Kg1 Ke7 45. Rae1 Kf7 46. Ra1
Bf5 47. Re2 Ra8 48. Ree1 Ra6 49. Rec1 Ke8 50. c4 dxc4 51. Nxc4 b5 52. Ne3 Be4
53. f3 Bd5 54. Nxd5 exd5 55. Kf2 Kd7 56. Ke2 a4 57. Rxc6 Rxc6 58. Kd3 Rc4 59.
g4 g6 60. Bd2 Ke6 1/2-1/2

[Event "Aeroflot Open B 2015"]
[Site "Moscú RUS"]
[Date "2015.04.01"]
[Round "6.4"]
[White "Yuffa, Daniil"]
[Black "Rozum, Ivan"]
[Result "1/2-1/2"]
[WhiteElo "2471"]
[BlackElo "2545"]
[PlyCount "87"]
[EventDate "2015.03.27"]
[EventType "swiss"]
[EventRounds "9"]
[EventCountry "RUS"]
[Source "lmi"]
[SourceDate "2015.03.27"]

1. d4 Nf6 2. Nf3 e6 3. c4 d5 4. g3 Bb4+ 5. Bd2 Be7 6. Bg2 O-O 7. O-O c6 8. Qc2
Nbd7 9. Rd1 b6 10. b3 Bb7 11. Nc3 Rc8 12. e4 dxe4 13. Nxe4 c5 14. Nxf6+ Nxf6
15. Bc3 Qc7 16. dxc5 Qxc5 17. Ng5 Qxg5 18. Bxb7 Rc7 19. Bf3 b5 20. cxb5 Qxb5
21. Qd3 Qb6 22. Bd4 Bc5 23. Bxc5 Qxc5 24. Qd4 Qf5 25. Be2 Rd7 26. Qe3 Nd5 27.
Qd2 Nf6 28. Qe3 Nd5 29. Qd2 Nf6 30. Qb2 Rfd8 31. Rxd7 Rxd7 32. Rd1 Rxd1+ 33.
Bxd1 Qd5 34. Qc2 g6 35. Be2 Qd4 36. Kg2 Ne4 37. Bf3 Nc3 38. a3 e5 39. Bc6 Kg7
40. Qc1 Nd1 41. Qc2 Nc3 42. Qc1 Nd1 43. Qc2 Nc3 44. Qc1 1/2-1/2

[Event "Aeroflot Open B 2015"]
[Site "Moscú RUS"]
[Date "2015.04.01"]
[Round "6.5"]
[White "Badmatsyrenov, Oleg"]
[Black "Yudin, Sergei"]
[Result "1/2-1/2"]
[WhiteElo "2468"]
[BlackElo "2534"]
[PlyCount "70"]
[EventDate "2015.03.27"]
[EventType "swiss"]
[EventRounds "9"]
[EventCountry "RUS"]
[Source "lmi"]
[SourceDate "2015.03.27"]

1. e4 d6 2. d4 Nf6 3. Nc3 e5 4. Nf3 Nbd7 5. g4 h6 6. Rg1 c6 7. Be3 Qa5 8. Nd2
Be7 9. h4 d5 10. Nb3 Qc7 11. exd5 Nxd5 12. Nxd5 cxd5 13. g5 hxg5 14. hxg5 e4
15. Qd2 Qh2 16. Rg3 Nb6 17. O-O-O Qh4 18. Nc5 Bd6 19. Rg1 g6 20. b3 Bg4 21.
Bb5+ Kf8 22. Rh1 Qxh1 23. Rxh1 Rxh1+ 24. Kb2 Rd1 25. Qa5 Bc8 26. Be2 Rh1 27.
Qd2 Nd7 28. Na4 Nb6 29. Nc3 Bd7 30. Nb5 Bxb5 31. Bxb5 Nc8 32. Bd7 Nb6 33. Bb5
Nc8 34. Bd7 Nb6 35. Bb5 Nc8 1/2-1/2

[Event "Aeroflot Open B 2015"]
[Site "Moscú RUS"]
[Date "2015.04.01"]
[Round "6.6"]
[White "Paravyan, David"]
[Black "Kovalev, Vladislav"]
[Result "0-1"]
[WhiteElo "2436"]
[BlackElo "2531"]
[PlyCount "82"]
[EventDate "2015.03.27"]
[EventType "swiss"]
[EventRounds "9"]
[EventCountry "RUS"]
[Source "lmi"]
[SourceDate "2015.03.27"]

1. e4 e5 2. Nf3 Nc6 3. Bb5 Nf6 4. O-O Nxe4 5. d4 Nd6 6. Bxc6 dxc6 7. dxe5 Nf5
8. Qxd8+ Kxd8 9. h3 Bd7 10. Rd1 Kc8 11. g4 Ne7 12. Ng5 Be8 13. f4 h5 14. Kf2
hxg4 15. hxg4 b6 16. c4 Ng6 17. Nf3 Bc5+ 18. Kg3 f5 19. exf6 gxf6 20. f5 Ne7
21. Bf4 Kb7 22. Nbd2 Bh5 23. Rh1 Rag8 24. Ng5 Bd4 25. Rae1 Nxf5+ 26. gxf5 Bxb2
27. Re7 Ka6 28. Nde4 fxg5 29. Be5 Bxe5+ 30. Rxe5 Bf7 31. Rxh8 Rxh8 32. Nxg5
Bxc4 33. a3 b5 34. Kf4 Kb6 35. f6 a5 36. f7 Rf8 37. Re8 Rxf7+ 38. Nxf7 Bxf7 39.
Rb8+ Kc5 40. Rb7 Kd4 41. Rxc7 Bd5 0-1

[Event "Aeroflot Open B 2015"]
[Site "Moscú RUS"]
[Date "2015.04.01"]
[Round "6.7"]
[White "Abdyjapar, Asyl"]
[Black "Khusnutdinov, Rustam"]
[Result "1/2-1/2"]
[WhiteElo "2400"]
[BlackElo "2490"]
[PlyCount "59"]
[EventDate "2015.03.27"]
[EventType "swiss"]
[EventRounds "9"]
[EventCountry "RUS"]
[Source "lmi"]
[SourceDate "2015.03.27"]

1. d4 Nf6 2. c4 g6 3. Nc3 d5 4. cxd5 Nxd5 5. e4 Nxc3 6. bxc3 Bg7 7. Bc4 c5 8.
Ne2 O-O 9. O-O Nc6 10. Be3 Bg4 11. f3 Bd7 12. Rc1 Rc8 13. dxc5 Qc7 14. Nd4 Rfd8
15. Qb3 Ne5 16. Be2 Be8 17. Rb1 Rb8 18. f4 Nd7 19. Nb5 Qc6 20. Qb4 a6 21. Na7
Qc7 22. e5 e6 23. Rfd1 Bf8 24. Rd6 Ra8 25. c6 bxc6 26. Nxc6 Nxe5 27. Nxd8 Bxd6
28. Qe4 Rxd8 29. fxe5 Bc5 30. Rd1 1/2-1/2

[Event "Aeroflot Open B 2015"]
[Site "Moscú RUS"]
[Date "2015.04.01"]
[Round "6.8"]
[White "Baghdasaryan, Vahe"]
[Black "Gordievsky, Dmitry"]
[Result "0-1"]
[WhiteElo "2400"]
[BlackElo "2472"]
[PlyCount "98"]
[EventDate "2015.03.27"]
[EventType "swiss"]
[EventRounds "9"]
[EventCountry "RUS"]
[Source "lmi"]
[SourceDate "2015.03.27"]

1. e4 c5 2. Nf3 d6 3. d4 cxd4 4. Nxd4 Nf6 5. Nc3 a6 6. h3 e5 7. Nde2 h5 8. Bg5
Be6 9. g3 Nbd7 10. Bg2 Be7 11. a4 Rc8 12. O-O O-O 13. Kh2 Ne8 14. Be3 h4 15. g4
Bg5 16. Nd5 Bxd5 17. exd5 Bxe3 18. fxe3 Qg5 19. Ra3 g6 20. Ng1 e4 21. Rb3 Nc5
22. Rc3 Qe5+ 23. Kh1 Nf6 24. Rc4 Nxd5 25. Qd2 Nf6 26. Rd4 d5 27. a5 Rc7 28. Ne2
Ne6 29. Rb4 Kg7 30. Rb6 Nd7 31. Rb4 f5 32. gxf5 Rxf5 33. Rxf5 Qxf5 34. c4 dxc4
35. Nd4 Nxd4 36. Qxd4+ Nf6 37. Rb6 Rf7 38. Kh2 Kh6 39. Qd8 Qe5+ 40. Kg1 Qxa5
41. Qh8+ Kg5 42. Re6 Qd5 43. Qe8 Rf8 44. Qxf8 Qxe6 45. Qb8 b5 46. Qf4+ Kh5 47.
Bf1 g5 48. Qb8 Kg6 49. Bg2 g4 0-1

[Event "Aeroflot Open B 2015"]
[Site "Moscú RUS"]
[Date "2015.04.01"]
[Round "6.9"]
[White "Potapov, Pavel"]
[Black "Petrosyan, Manuel"]
[Result "1/2-1/2"]
[WhiteElo "2471"]
[BlackElo "2427"]
[PlyCount "58"]
[EventDate "2015.03.27"]
[EventType "swiss"]
[EventRounds "9"]
[EventCountry "RUS"]
[Source "lmi"]
[SourceDate "2015.03.27"]

1. e4 c6 2. d4 d5 3. e5 Bf5 4. h4 h5 5. c4 e6 6. Nc3 Ne7 7. Nge2 Nd7 8. Ng3 Bg6
9. a3 dxc4 10. Bxc4 Nb6 11. Bb3 Nf5 12. Nxf5 Bxf5 13. Bg5 Be7 14. Qd2 Bxg5 15.
hxg5 Qe7 16. Rc1 O-O-O 17. Nb5 Kb8 18. Nd6 Rxd6 19. exd6 Qxd6 20. Qe3 Nd7 21.
Bd1 h4 22. Bf3 Nf8 23. O-O Ng6 24. Rfd1 f6 25. gxf6 gxf6 26. Qb3 Ka8 27. Qb4
Qxb4 28. axb4 a6 29. g3 Rg8 1/2-1/2

[Event "Aeroflot Open B 2015"]
[Site "Moscú RUS"]
[Date "2015.04.01"]
[Round "6.10"]
[White "Kharchenko, Boris"]
[Black "Abdulov, Orkhan"]
[Result "1/2-1/2"]
[WhiteElo "2514"]
[BlackElo "2337"]
[PlyCount "118"]
[EventDate "2015.03.27"]
[EventType "swiss"]
[EventRounds "9"]
[EventCountry "RUS"]
[Source "lmi"]
[SourceDate "2015.03.27"]

1. e4 c5 2. Nf3 e6 3. c3 d5 4. exd5 exd5 5. d4 cxd4 6. Nxd4 Nc6 7. Bf4 Nxd4 8.
Qxd4 Nf6 9. Bb5+ Bd7 10. Bxd7+ Qxd7 11. O-O Be7 12. Nd2 O-O 13. Rad1 b6 14. Nf3
Rfe8 15. Be5 Rad8 16. Rfe1 Bc5 17. Qf4 Ng4 18. Bd4 Bxd4 19. Nxd4 Nf6 20. Nf5 g6
21. Ne3 Kg7 22. f3 Re6 23. Nc2 Rxe1+ 24. Rxe1 Re8 25. Qd4 Rxe1+ 26. Nxe1 Qf5
27. Nd3 Kg8 28. Kf1 Nd7 29. Kf2 h5 30. h4 a5 31. Ke3 Kf8 32. a4 Ke7 33. b4 Kd6
34. g4 hxg4 35. fxg4 Qe6+ 36. Kf3 f5 37. gxf5 gxf5 38. bxa5 bxa5 39. Kf2 Qh6
40. Kg3 Qg6+ 41. Kf2 Qh6 42. Kg3 Qg6+ 43. Kh3 Qh5 44. Qf4+ Kc6 45. c4 Qg4+ 46.
Qxg4 fxg4+ 47. Kxg4 dxc4 48. Nc1 Kd6 49. Kf5 c3 50. h5 Ke7 51. Ke4 Nc5+ 52. Kd4
Nxa4 53. Kc4 Kf6 54. Kb3 Nb6 55. Kxc3 Kg5 56. Nb3 a4 57. Nc5 Kxh5 58. Kb4 Kg5
59. Nxa4 Nxa4 1/2-1/2

[Event "Aeroflot Open B 2015"]
[Site "Moscú RUS"]
[Date "2015.04.01"]
[Round "6.11"]
[White "Kryakvin, Dmitry"]
[Black "Tologontegin, Semetey"]
[Result "1/2-1/2"]
[WhiteElo "2544"]
[BlackElo "2399"]
[PlyCount "141"]
[EventDate "2015.03.27"]
[EventType "swiss"]
[EventRounds "9"]
[EventCountry "RUS"]
[Source "lmi"]
[SourceDate "2015.03.27"]

1. Nf3 Nf6 2. c4 e6 3. Nc3 Bb4 4. Qc2 b6 5. a3 Bxc3 6. Qxc3 Bb7 7. b4 d6 8. Bb2
Nbd7 9. e3 O-O 10. Be2 Qe7 11. O-O c5 12. d3 Rfe8 13. Rfd1 e5 14. Qc2 h6 15.
Nd2 Nf8 16. bxc5 bxc5 17. Qa4 N6d7 18. Rdb1 Ng6 19. Qd1 Reb8 20. Bc3 Nf6 21.
Nb3 Qc7 22. Na5 Bc8 23. Bf3 Rxb1 24. Rxb1 Rb8 25. Rxb8 Qxb8 26. g3 Ne7 27. Bg2
Bg4 28. Qf1 Nd7 29. h3 Be6 30. Qd1 Nb6 31. Kh2 Bd7 32. d4 Na4 33. Ba1 Qc7 34.
Qd2 exd4 35. exd4 cxd4 36. Qxd4 Nf5 37. Qd2 Be6 38. Nc6 Nb6 39. Qa5 Ne7 40.
Nxa7 Qc5 41. Qxc5 dxc5 42. Nc6 Nxc6 43. Bxc6 Bxc4 44. a4 Ba6 45. Kg2 f6 46. f4
Kf7 47. a5 Nc4 48. Bc3 Ke6 49. Kf3 Nd6 50. Be1 Nb5 51. Ke3 Kd6 52. Be4 Nc7 53.
Bb1 Nd5+ 54. Ke4 Bf1 55. h4 Bg2+ 56. Kd3 Bf1+ 57. Kc2 Kc6 58. Kd2 Nb4 59. Bf2
Kb5 60. Bg6 Na6 61. g4 Kxa5 62. Be3 Kb4 63. g5 hxg5 64. fxg5 fxg5 65. Bxg5 c4
66. Be7+ Kb3 67. Bf8 c3+ 68. Kc1 Bc4 69. Bxg7 Nc5 70. h5 Nd3+ 71. Bxd3 1/2-1/2

[Event "Aeroflot Open B 2015"]
[Site "Moscú RUS"]
[Date "2015.04.01"]
[Round "6.12"]
[White "Utegaliyev, Azamat"]
[Black "Sivuk, Vitaly"]
[Result "0-1"]
[WhiteElo "2431"]
[BlackElo "2527"]
[PlyCount "152"]
[EventDate "2015.03.27"]
[EventType "swiss"]
[EventRounds "9"]
[EventCountry "RUS"]
[Source "lmi"]
[SourceDate "2015.03.27"]

1. Nf3 Nf6 2. d4 e6 3. Bg5 h6 4. Bh4 b6 5. Nbd2 Bb7 6. e3 Be7 7. c3 d6 8. h3
Nbd7 9. Bd3 c5 10. Qe2 O-O 11. O-O-O d5 12. dxc5 Nxc5 13. Ne5 Qc7 14. Bg3 Bd6
15. Ng4 Nxg4 16. Bxd6 Nxd3+ 17. Qxd3 Nxf2 18. Qe2 Qxd6 19. Qxf2 b5 20. Kb1 a5
21. Ka1 b4 22. Nb1 e5 23. c4 Qe6 24. c5 Rfc8 25. Rc1 Rc7 26. Rc2 Rac8 27. Rhc1
Ba6 28. Qd2 Bb5 29. g4 f6 30. h4 Be8 31. Qd3 Qxg4 32. Qxd5+ Bf7 33. Qd6 Rc6 34.
Qe7 Qxh4 35. Nd2 Qg4 36. Qa7 Qe6 37. b3 Ra6 38. Qb7 Qc6 39. Qxc6 Raxc6 40. Kb2
g5 41. a3 Kg7 42. e4 Rd8 43. axb4 axb4 44. Ra1 h5 45. Ra4 Rd4 46. Nf1 h4 47.
Ne3 Be6 48. Ra7+ Kg6 49. Rb7 Rxe4 50. Rb6 Rc7 51. Rxe6 Rxe3 52. Rf2 Rf7 53. Re8
Rc3 54. Rc8 e4 55. c6 e3 56. Rh2 Kf5 57. Re8 Kf4 58. Rh1 f5 59. Rf1+ Kg3 60.
Rg1+ Kf2 61. Rh1 Rxc6 62. Rh2+ Kg3 63. Rh1 f4 64. Rg1+ Kf2 65. Rh1 f3 66. Ra8
e2 67. Ra7 Rc2+ 68. Kb1 Rc1+ 69. Kb2 Rxh1 70. Rc7 Rb1+ 71. Kc2 Rxc7+ 72. Kd3
Rd1+ 73. Ke4 e1=Q+ 74. Kf5 Rd5+ 75. Kg6 Qe6+ 76. Kh5 Rh7# 0-1

[Event "Aeroflot Open B 2015"]
[Site "Moscú RUS"]
[Date "2015.04.01"]
[Round "6.13"]
[White "Khanin, Semen"]
[Black "Hayrapetyan, Hovik"]
[Result "1/2-1/2"]
[WhiteElo "2408"]
[BlackElo "2465"]
[PlyCount "77"]
[EventDate "2015.03.27"]
[EventType "swiss"]
[EventRounds "9"]
[EventCountry "RUS"]
[Source "lmi"]
[SourceDate "2015.03.27"]

1. e4 c5 2. Nf3 e6 3. d4 cxd4 4. Nxd4 a6 5. c4 Nf6 6. Nc3 Qc7 7. Be2 b6 8. O-O
Bb7 9. Qd3 Nc6 10. Nxc6 dxc6 11. f4 Rd8 12. Qg3 c5 13. e5 Ne4 14. Nxe4 Bxe4 15.
Be3 g6 16. Rad1 Be7 17. Rxd8+ Bxd8 18. Rd1 O-O 19. Bf3 Bxf3 20. Qxf3 Be7 21.
Rd2 Rd8 22. b3 Rxd2 23. Bxd2 Qd8 24. Bc3 b5 25. Qe2 b4 26. Bb2 a5 27. Kf2 Qd7
28. Qc2 g5 29. Bc1 gxf4 30. Bxf4 Qd4+ 31. Kf3 Kg7 32. Qd2 Qxd2 33. Bxd2 Kg6 34.
g4 Kg7 35. Ke4 Kg6 36. Be3 Kg7 37. Bd2 Kg6 38. Be3 Kg7 39. Bd2 1/2-1/2

[Event "Aeroflot Open B 2015"]
[Site "Moscú RUS"]
[Date "2015.04.01"]
[Round "6.14"]
[White "Yilmazyerli, Mert"]
[Black "Le, Tuan Minh"]
[Result "1-0"]
[WhiteElo "2464"]
[BlackElo "2393"]
[PlyCount "71"]
[EventDate "2015.03.27"]
[EventType "swiss"]
[EventRounds "9"]
[EventCountry "RUS"]
[Source "lmi"]
[SourceDate "2015.03.27"]

1. g3 Nf6 2. Bg2 d5 3. d3 g6 4. Nd2 Bg7 5. e4 O-O 6. Ngf3 c5 7. O-O Nc6 8. Re1
b6 9. exd5 Nxd5 10. a3 Bb7 11. Rb1 Qd7 12. Nc4 Rad8 13. Bd2 Qc7 14. Qc1 Rfe8
15. b4 b5 16. Ne3 Nxe3 17. Bxe3 Nd4 18. Bxd4 cxd4 19. Ra1 Rc8 20. a4 Bc6 21.
axb5 Bxb5 22. Qg5 a6 23. Re2 e6 24. h4 Qc3 25. Rb1 Qa3 26. Ne1 h6 27. Qf4 Red8
28. Kh2 Qc3 29. Nf3 Ba4 30. Ne5 Qc7 31. Ra1 Bxe5 32. Rxe5 Bxc2 33. Be4 f5 34.
Rxa6 Re8 35. Bd5 Bxd3 36. Raxe6 1-0

[Event "Aeroflot Open B 2015"]
[Site "Moscú RUS"]
[Date "2015.04.01"]
[Round "6.15"]
[White "Petrosian, Davit G"]
[Black "Harutyunian, Tigran K"]
[Result "1-0"]
[WhiteElo "2382"]
[BlackElo "2445"]
[PlyCount "75"]
[EventDate "2015.03.27"]
[EventType "swiss"]
[EventRounds "9"]
[EventCountry "RUS"]
[Source "lmi"]
[SourceDate "2015.03.27"]

1. e4 c5 2. Nf3 e6 3. Nc3 Nc6 4. Bb5 Nge7 5. O-O Qb6 6. Re1 a6 7. Ba4 Ng6 8.
Bxc6 Qxc6 9. d4 cxd4 10. Nd5 e5 11. c3 dxc3 12. b4 d6 13. a4 Be6 14. b5 Qd7 15.
Nb6 Qd8 16. Nxa8 Qxa8 17. Ba3 Qd8 18. bxa6 bxa6 19. Qd3 Be7 20. Qxc3 O-O 21.
Rad1 Qd7 22. Bb4 h5 23. Qa3 Rd8 24. Rd2 a5 25. Bxa5 Ra8 26. Qc3 Qxa4 27. Bb4
Qa6 28. h3 Qb6 29. Red1 Nf4 30. Kh2 Rc8 31. Qa3 Rc6 32. Nxe5 dxe5 33. Bxe7 Rc4
34. Bg5 Ng6 35. Rd8+ Kh7 36. Qf3 Bg4 37. hxg4 f6 38. gxh5 1-0

[Event "Aeroflot Open B 2015"]
[Site "Moscú RUS"]
[Date "2015.04.01"]
[Round "6.16"]
[White "Krapivin, Alexander"]
[Black "Kathmale, Sameer"]
[Result "1/2-1/2"]
[WhiteElo "2436"]
[BlackElo "2322"]
[PlyCount "112"]
[EventDate "2015.03.27"]
[EventType "swiss"]
[EventRounds "9"]
[EventCountry "RUS"]
[Source "lmi"]
[SourceDate "2015.03.27"]

1. Nf3 Nf6 2. g3 d5 3. Bg2 c6 4. O-O Bf5 5. d3 h6 6. Nbd2 e6 7. c4 Be7 8. cxd5
cxd5 9. Qb3 Qb6 10. Qxb6 axb6 11. e4 Bh7 12. Nd4 Nc6 13. Nxc6 bxc6 14. f3 Nd7
15. Nb3 Nc5 16. Nxc5 Bxc5+ 17. Kh1 Bd4 18. Re1 Kd7 19. a3 h5 20. f4 f6 21. Rb1
dxe4 22. Bxe4 Bxe4+ 23. Rxe4 c5 24. Kg2 f5 25. Re2 h4 26. Be3 hxg3 27. hxg3 Ra4
28. Rbe1 Bxe3 29. Rxe3 Rh6 30. Rc1 Kd6 31. Rc4 b5 32. Rc3 Rd4 33. Rc1 g5 34.
fxg5 Rg6 35. Rh1 Rg4 36. Kf2 R4xg5 37. Rh4 Rg4 38. Rxg4 Rxg4 39. Re1 Kd5 40. b3
Rg8 41. a4 Ra8 42. axb5 Rb8 43. g4 fxg4 44. Re4 g3+ 45. Ke2 Rg8 46. Kf1 Rf8+
47. Kg1 Rb8 48. b4 Rxb5 49. bxc5 Rxc5 50. Kg2 Rc3 51. Re3 e5 52. Kxg3 Kd4 53.
Re4+ Kxd3 54. Rxe5 Kd4+ 55. Kf4 Rf3+ 56. Kxf3 Kxe5 1/2-1/2

[Event "Aeroflot Open B 2015"]
[Site "Moscú RUS"]
[Date "2015.04.01"]
[Round "6.17"]
[White "Pavlov, Sergey"]
[Black "Lomasov, Semen"]
[Result "1-0"]
[WhiteElo "2490"]
[BlackElo "2335"]
[PlyCount "101"]
[EventDate "2015.03.27"]
[EventType "swiss"]
[EventRounds "9"]
[EventCountry "RUS"]
[Source "lmi"]
[SourceDate "2015.03.27"]

1. e4 e6 2. d4 d5 3. Bd3 c5 4. exd5 exd5 5. Nf3 Nf6 6. O-O c4 7. Be2 Be7 8. b3
cxb3 9. axb3 O-O 10. c4 Nc6 11. Ne5 Be6 12. Nxc6 bxc6 13. c5 Bf5 14. Bf4 Bxb1
15. Qxb1 Ne4 16. Qd3 a5 17. h3 Bf6 18. Ra4 Re8 19. Rfa1 Qe7 20. Bf3 Qb7 21.
Bxe4 Rxe4 22. Be3 Rae8 23. Rxa5 h6 24. Ra6 g6 25. Rb6 Qc7 26. Rf1 Kg7 27. b4
R8e6 28. b5 cxb5 29. Qxb5 Bxd4 30. Bxd4+ Rxd4 31. Rxe6 fxe6 32. Re1 Rc4 33.
Qb2+ Kh7 34. Rxe6 Rxc5 35. g3 Rc6 36. Re8 Qg7 37. Qb5 Rd6 38. Rb8 Rd7 39. Rb6
d4 40. Qd3 h5 41. Rb5 Kh8 42. g4 hxg4 43. hxg4 Qg8 44. Rb6 Qe8 45. Rxg6 Qe1+
46. Kg2 Qe5 47. Rh6+ Kg8 48. Rh5 Qf6 49. Qe4 Rd8 50. Qh7+ Kf8 51. Rf5 1-0

[Event "Aeroflot Open B 2015"]
[Site "Moscú RUS"]
[Date "2015.04.01"]
[Round "6.18"]
[White "Gorbatov, Alexej"]
[Black "Danielian, Elina"]
[Result "1-0"]
[WhiteElo "2372"]
[BlackElo "2488"]
[PlyCount "157"]
[EventDate "2015.03.27"]
[EventType "swiss"]
[EventRounds "9"]
[EventCountry "RUS"]
[Source "lmi"]
[SourceDate "2015.03.27"]

1. Nh3 d5 2. g3 e5 3. d4 exd4 4. Qxd4 Nc6 5. Qd1 Bf5 6. Nf4 Nf6 7. Bg2 Nb4 8.
Na3 c6 9. c3 Na6 10. Nc2 Bd6 11. Nd4 Bd7 12. Qc2 O-O 13. O-O Re8 14. a3 Nc7 15.
b4 a5 16. Nd3 Qc8 17. Bf4 Bf8 18. c4 Ne6 19. Nxe6 Bxe6 20. c5 Bh3 21. Be5 Ne4
22. Qb2 Ng5 23. Nf4 Bxg2 24. Kxg2 Qf5 25. Bd4 h5 26. Qb1 Qd7 27. h4 Ne6 28.
Nxe6 Qxe6 29. e3 Be7 30. Qd1 axb4 31. axb4 Rxa1 32. Qxa1 Qg4 33. Qd1 Qe4+ 34.
Qf3 Ra8 35. Qxe4 dxe4 36. Rd1 f6 37. Bc3 Kf8 38. Rd4 Ra3 39. Be1 f5 40. Rd7 Ra7
41. Bc3 Ke8 42. Rc7 Kd8 43. Be5 Bf6 44. Bd6 Ra2 45. Rxb7 Rb2 46. Bf8 f4 47.
gxf4 Bxh4 48. Bxg7 Rxf2+ 49. Kh3 Be7 50. b5 cxb5 51. Bd4 Rc2 52. Rxb5 Kc7 53.
Rb6 Kd7 54. Rb7+ Ke8 55. Rb8+ Kf7 56. Rb7 Ke8 57. Ra7 Rc1 58. Ra8+ Kf7 59. Rc8
Ke6 60. c6 Bd6 61. Rh8 Rc4 62. Rh6+ Ke7 63. Rxh5 Rxc6 64. Kg4 Ra6 65. Rh7+ Ke8
66. Kf5 Bb4 67. Kxe4 Bd2 68. f5 Ra5 69. Rb7 Bc1 70. f6 Rh5 71. Ra7 Bd2 72. Rc7
Bb4 73. Be5 Ba3 74. Rb7 Bc5 75. Kd5 Bxe3 76. Ke6 Rxe5+ 77. Kxe5 Kf8 78. Ke6 Bf4
79. Ra7 1-0

[Event "Aeroflot Open B 2015"]
[Site "Moscú RUS"]
[Date "2015.04.01"]
[Round "6.19"]
[White "Firat, Burak"]
[Black "Golubov, Saveliy"]
[Result "1/2-1/2"]
[WhiteElo "2478"]
[BlackElo "2362"]
[PlyCount "39"]
[EventDate "2015.03.27"]
[EventType "swiss"]
[EventRounds "9"]
[EventCountry "RUS"]
[Source "lmi"]
[SourceDate "2015.03.27"]

1. e4 e6 2. d4 d5 3. Nc3 Nf6 4. e5 Nfd7 5. f4 c5 6. Nf3 Nc6 7. Be3 cxd4 8. Nxd4
Qb6 9. Qd2 Qxb2 10. Rb1 Qa3 11. Bb5 Nxd4 12. Bxd4 a6 13. Bxd7+ Bxd7 14. Rb3 Qe7
15. Rxb7 Qh4+ 16. Qf2 Be7 17. Qxh4 Bxh4+ 18. Kd2 Bd8 19. Rhb1 Bc6 20. Rb8
1/2-1/2